[Event "AUTO-MASTER-779"]
[Site "http://www.queenalice.com/game.php?id=569702"]
[Date "2009.4.10"]
[Round "1"]
[White "acbrasileiro"]
[Black "LeonardoNeves"]
[Result "1/2-1/2"]
[WhiteElo "2115"]
[BlackElo "2050"]

1. d4 d5 2. c4 c6 3. Nf3 Nf6 4. Nc3 g6 5. cxd5 cxd5 6. Bf4 Nc6 7. h3 Bg7 8. e3
a6 9. Be2 O-O 10. O-O Nh5 11. Bh2 Nf6 12. Rc1 Bf5 13. Nh4 Bc8 14. Nf3 Re8 15. a3
e6 16. a4 Bd7 17. Ne5 Rc8 18. Nxd7 Qxd7 19. Ra1 Bf8 20. Rb1 Bd6 21. f4 Bb4 22.
Na2 Ne4 23. Rc1 Bd2 24. Rf3 Bxc1 25. Nxc1 Rc7 26. f5 Rcc8 27. fxg6 fxg6 28. Bd3
Rf8 29. Rxf8+ Rxf8 30. Bxe4 dxe4 31. h4 Rf5 32. Bf4 Nxd4 33. Kh1 e5 34. Bg5 Qf7
35. Kg1 Ne6 36. Ne2 Nxg5 37. hxg5 Qf8 38. Ng3 Rxg5 39. Nxe4 Rf5 40. Qd5+ Kh8 41.
Ng3 Rg5 42. Ne4 Rf5 43. Ng3 Rg5 44. Ne4 Rf5 1/2-1/2

[Event "AUTO-OPEN-1223"]
[Site "http://www.queenalice.com/game.php?id=581637"]
[Date "2009.5.2"]
[Round "3"]
[White "acbrasileiro"]
[Black "SiColl007"]
[Result "1-0"]
[WhiteElo "2105"]
[BlackElo "1698"]

1. d4 d5 2. e3 e6 3. Bd3 Nf6 4. f4 c5 5. c3 Bd6 6. Nf3 O-O 7. O-O Nbd7 8. Ne5 h6
9. Nd2 c4 10. Bc2 Nh7 11. Bxh7+ Kxh7 12. Nxd7 Bxd7 13. e4 Qc7 14. e5 Be7 15. g4
Rh8 16. f5 exf5 17. gxf5 Raf8 18. Qf3 Qc6 19. Rf2 Kg8 20. Rg2 h5 21. f6 1-0

[Event "AUTO-OPEN-1223"]
[Site "http://www.queenalice.com/game.php?id=581638"]
[Date "2009.5.2"]
[Round "3"]
[White "SiColl007"]
[Black "acbrasileiro"]
[Result "0-1"]
[WhiteElo "1700"]
[BlackElo "2104"]

1. d4 Nf6 2. c4 e6 3. g3 Bb4+ 4. Bd2 Be7 5. Bg2 d5 6. cxd5 exd5 7. Nf3 Ne4 8.
Bc1 Nc6 9. O-O Bg4 10. Nfd2 Nxd2 11. Qxd2 Bf6 12. Rd1 Nxd4 13. f3 Bh5 14. e3
Nxf3+ 15. Bxf3 Bxf3 16. Rf1 Be4 17. Nc3 O-O 18. Nxe4 dxe4 19. Qb4 Qd5 20. Bd2 c5
0-1

[Event "AUTO-MASTER-721"]
[Site "http://www.queenalice.com/game.php?id=603976"]
[Date "2009.6.15"]
[Round "2"]
[White "Catalin"]
[Black "acbrasileiro"]
[Result "1/2-1/2"]
[WhiteElo "2228"]
[BlackElo "2120"]

1. e4 c5 2. c3 d5 3. e5 Bf5 4. Nf3 a6 5. d4 e6 6. Bd3 Bxd3 7. Qxd3 cxd4 8. cxd4
Bb4+ 9. Bd2 Qa5 10. O-O Bxd2 11. Nbxd2 Nd7 12. a3 h6 13. Rfc1 Ne7 14. Qb3 b5 15.
a4 b4 16. Qc2 O-O 17. Qc7 Qxc7 18. Rxc7 Rfd8 19. Rac1 Kf8 20. Rb7 a5 21. Rcc7
Ke8 22. Nb3 Nc8 23. Nc5 Ncb6 24. h3 Rab8 25. Ra7 Ra8 26. Nxd7 Rxa7 27. Rxa7 Rxd7
28. Rxa5 Nc4 29. Ra8+ Rd8 30. Rxd8+ Kxd8 31. b3 Kc7 32. Kf1 Na5 33. Nd2 Nc6
1/2-1/2

[Event "AUTO-MASTER-721"]
[Site "http://www.queenalice.com/game.php?id=603977"]
[Date "2009.6.15"]
[Round "2"]
[White "acbrasileiro"]
[Black "Catalin"]
[Result "1-0"]
[WhiteElo "2147"]
[BlackElo "2214"]

1. Nf3 f5 2. b3 e6 3. Bb2 Nf6 4. g3 b6 5. Bg2 Bb7 6. O-O a5 7. a4 h6 8. Ne5 Bxg2
9. Kxg2 g5 10. Ng6 Rg8 11. Nxf8 Rxf8 12. e3 Nc6 13. Na3 Qe7 14. Nb5 O-O-O 15.
Ba3 d6 16. Qe2 Rf7 17. Rac1 e5 18. Nc3 Kb8 19. Qa6 f4 20. Qb5 Qd7 21. exf4 exf4
22. f3 fxg3 23. hxg3 Re8 24. Rce1 Rxe1 25. Rxe1 g4 26. f4 Nd4 27. Qxd7 Rxd7 28.
Bb2 Nxc2 29. Re6 Rf7 30. Nb5 Nd7 31. Rxh6 Ne1+ 32. Kf1 Nd3 33. Bc3 Re7 34. Nd4
Re1+ 35. Kg2 Kc8 36. Rg6 Re8 37. Rxg4 Ne1+ 38. Kf1 Nd3 39. Rg6 N7c5 40. Kg2 Ne1+
41. Kh3 Ned3 42. Kg4 Nf2+ 43. Kh5 Nce4 44. Nf5 Rf8 45. Ne7+ Kb7 46. f5 Nd3 47.
f6 Ndc5 48. Nf5 Nxb3 49. Bb2 Nbxd2 50. Nh6 Nf1 51. g4 Nc5 52. f7 Nd3 53. Bg7
Nf4+ 54. Kg5 Nxg6 55. Kxg6 Rxf7 56. Kxf7 Nd2 57. Nf5 Ne4 58. Bb2 d5 59. Be5 Ng5+
60. Ke7 Kc6 61. Nd4+ Kb7 62. Kd7 c5 63. Ne6 Nf3 64. Bf4 d4 65. Nd8+ Ka6 66. Ne6
Ka7 67. g5 Nh4 68. Kc8 b5 69. Bb8+ Kb6 70. Bc7+ Kc6 71. Nd8+ Kd5 72. axb5 a4 73.
b6 a3 74. b7 a2 75. b8=Q a1=Q 76. Qb7+ Kc4 77. Qe4 Qa6+ 78. Kb8 Ng6 79. Qc2+ Kd5
80. Nb7 d3 81. Qxc5+ Ke4 82. Nd6+ Kf3 83. Qf5+ Ke2 84. Qxg6 d2 85. Qe4+ Kd1 86.
g6 Kc1 87. Nc4 Qb5+ 88. Bb6 Qh5 89. Qd3 Qh8+ 90. Kb7 Qg7+ 91. Ka6 Qa1+ 92. Kb5
Qa2 93. Qxd2+ 1-0

[Event "AUTO-MASTER-721"]
[Site "http://www.queenalice.com/game.php?id=603980"]
[Date "2009.6.15"]
[Round "2"]
[White "SirKnight"]
[Black "acbrasileiro"]
[Result "1/2-1/2"]
[WhiteElo "2118"]
[BlackElo "2120"]

1. e4 e5 2. Nf3 Nf6 3. Nxe5 d6 4. Nf3 Nxe4 5. Nc3 Nxc3 6. dxc3 Be7 7. Bc4 Nc6 8.
O-O Be6 9. Bxe6 fxe6 10. Bf4 O-O 11. Bg3 Bf6 12. Nd4 Qd7 13. Re1 e5 14. Nxc6
Qxc6 15. Qd3 Rf7 16. Re2 Raf8 17. Rd1 Qb6 18. b3 Bg5 19. Rf1 h5 20. h4 Bf4 21.
Bxf4 Rxf4 22. g3 Rf3 23. Re3 Qc6 24. c4 Rxe3 25. Qxe3 b6 26. Qd3 e4 27. Qd5+
Qxd5 28. cxd5 e3 29. fxe3 Rxf1+ 30. Kxf1 Kf7 31. c4 Kf6 32. Ke2 Ke5 33. Kf3 Kf5
34. b4 a6 35. e4+ Ke5 36. Ke3 a5 37. a3 axb4 38. axb4 g6 39. Kd3 Kf6 40. Kd4 g5
41. c5 gxh4 42. cxb6 hxg3 43. b7 g2 44. b8=Q g1=Q+ 45. Kc4 Qf1+ 46. Kb3 Qd3+ 47.
Ka4 Qa6+ 1/2-1/2

[Event "AUTO-MASTER-721"]
[Site "http://www.queenalice.com/game.php?id=603981"]
[Date "2009.6.15"]
[Round "2"]
[White "acbrasileiro"]
[Black "SirKnight"]
[Result "0-1"]
[WhiteElo "2134"]
[BlackElo "2067"]

1. d4 Nf6 2. e3 e6 3. Bd3 b6 4. f4 Bb7 5. Nf3 Be4 6. O-O Be7 7. Qe2 O-O 8. Nbd2
Bxd3 9. Qxd3 d5 10. Ne5 c5 11. c3 Nfd7 12. Ndf3 Nxe5 13. fxe5 Nd7 14. Bd2 c4 15.
Qc2 f6 16. e4 fxe5 17. dxe5 b5 18. exd5 exd5 19. Rae1 Qc7 20. Re2 Rae8 21. Rfe1
Nc5 22. Nd4 Nd3 23. Rb1 Bc5 24. Kh1 Nf2+ 25. Kg1 Ng4 26. h3 Rxe5 27. Rxe5 Nxe5
28. Rf1 Rxf1+ 29. Kxf1 Bxd4 30. cxd4 Nd3 31. Kg1 Qg3 32. Bc1 Qe1+ 33. Kh2 Qxc1
34. Qe2 Qf4+ 35. g3 Qf2+ 36. Qxf2 Nxf2 37. Kg2 Nd3 38. b3 c3 0-1

[Event "AUTO-MASTER-721"]
[Site "http://www.queenalice.com/game.php?id=603982"]
[Date "2009.6.15"]
[Round "2"]
[White "mad_knight"]
[Black "acbrasileiro"]
[Result "0-1"]
[WhiteElo "1934"]
[BlackElo "2143"]

1. d4 d5 2. Bf4 Bf5 3. c4 e6 4. Nc3 c6 5. e3 Nf6 6. Qb3 Qb6 7. c5 Qxb3 8. axb3
a6 9. Nf3 Nbd7 10. Be2 Be7 11. O-O O-O 12. Bd6 Bxd6 13. cxd6 Ne8 14. Ne5 Rd8 15.
Na4 Nxd6 16. Nc5 Nxc5 17. dxc5 Ne4 18. g4 Bg6 19. b4 d4 20. Ra3 dxe3 21. Rxe3
Rd4 22. Rd1 Rfd8 23. Red3 Rxd3 24. Bxd3 Ng5 0-1

[Event "AUTO-MASTER-721"]
[Site "http://www.queenalice.com/game.php?id=603983"]
[Date "2009.6.15"]
[Round "2"]
[White "acbrasileiro"]
[Black "mad_knight"]
[Result "1-0"]
[WhiteElo "2134"]
[BlackElo "2020"]

1. Nf3 d5 2. b3 c5 3. e3 Nf6 4. Bb2 e6 5. Be2 Be7 6. c4 dxc4 7. Bxc4 O-O 8. O-O
Nbd7 9. d4 Nb6 10. Nbd2 Nxc4 11. Nxc4 b5 12. Nce5 Bb7 13. Rc1 Rc8 14. dxc5 Rxc5
15. Rxc5 Bxc5 16. Qc2 Qe7 17. h3 Rc8 18. Qe2 a6 19. Ng5 Rf8 20. Rd1 h6 21. Ngf3
Rc8 22. g4 Bd6 23. h4 1-0

[Event "AUTO-MASTER-779"]
[Site "http://www.queenalice.com/game.php?id=689277"]
[Date "2009.11.26"]
[Round "2"]
[White "acbrasileiro"]
[Black "jrafaelcc"]
[Result "1-0"]
[WhiteElo "2135"]
[BlackElo "2147"]

1. Nf3 Nf6 2. b3 g6 3. Bb2 Bg7 4. e4 d6 5. Qe2 O-O 6. d4 c5 7. dxc5 Qa5+ 8. c3
Qxc5 9. Qd3 a6 10. Be2 b5 11. O-O Bb7 12. Ba3 Qc7 13. Nbd2 Nbd7 14. Qc2 Rac8 15.
Rac1 Nc5 16. Bxc5 Qxc5 17. c4 Rc7 18. Qb1 Qb6 19. cxb5 Rxc1 20. Rxc1 axb5 21. h3
b4 22. e5 dxe5 23. Nxe5 Qe6 24. Qb2 Nd5 25. Ndc4 Nc3 26. f4 Nxe2+ 27. Qxe2 f6
28. Qg4 Qd5 29. Nf3 Ra8 30. Nb6 Qa5 31. Nxa8 Qxa8 32. Qe6+ Kh8 33. Qxe7 1-0

[Event "AUTO-MASTER-779"]
[Site "http://www.queenalice.com/game.php?id=689278"]
[Date "2009.11.26"]
[Round "2"]
[White "jrafaelcc"]
[Black "acbrasileiro"]
[Result "0-1"]
[WhiteElo "2041"]
[BlackElo "2136"]

1. e4 c5 2. Nf3 d6 3. d4 cxd4 4. Nxd4 Nf6 5. Nc3 a6 6. f3 e5 7. Nb3 Be6 8. Be3
b5 9. Qd2 Nbd7 10. Be2 Nb6 11. O-O d5 12. exd5 Nbxd5 13. Nxd5 Nxd5 14. Bf2 Nf4
15. Qe3 Qg5 16. Kh1 Qxg2# 0-1

[Event "AUTO-MASTER-779"]
[Site "http://www.queenalice.com/game.php?id=689279"]
[Date "2009.11.26"]
[Round "2"]
[White "acbrasileiro"]
[Black "trolldetroy"]
[Result "0-1"]
[WhiteElo "2154"]
[BlackElo "1934"]

1. d4 d5 2. e3 Nf6 3. Bd3 g6 4. f4 Bg7 5. Nf3 O-O 6. O-O Nbd7 7. Nbd2 Ng4 8. Qe1
f5 9. Ne5 Ndxe5 10. fxe5 e6 11. h3 Nh6 12. Nf3 Nf7 13. b3 b6 14. Qg3 c6 15. h4
b5 16. Ba3 Re8 17. Bc5 Bf8 18. Bxf8 Rxf8 19. h5 g5 20. Kf2 g4 21. Nh4 Ng5 22.
Ke2 a5 23. Rf2 b4 24. Rf4 Ba6 25. Kd1 Ne4 26. Qe1 Bxd3 27. cxd3 Nc3+ 28. Kc2 a4
29. g3 Qc7 30. Kd2 c5 31. Qf1 Qa5 32. Rc1 axb3 33. axb3 Qa2+ 34. Ke1 Qb2 0-1

[Event "AUTO-MASTER-779"]
[Site "http://www.queenalice.com/game.php?id=689280"]
[Date "2009.11.26"]
[Round "2"]
[White "trolldetroy"]
[Black "acbrasileiro"]
[Result "0-1"]
[WhiteElo "1942"]
[BlackElo "2161"]

1. e4 c5 2. f4 d6 3. Bb5+ Bd7 4. Qe2 Nc6 5. Bxc6 Bxc6 6. Nf3 Nf6 7. d3 g6 8. O-O
Bg7 9. Nc3 O-O 10. Bd2 Qc7 11. Kh1 Rab8 12. h3 b5 13. Qf2 c4 14. Be3 a6 15. Rab1
Rb7 16. g4 h5 17. g5 Nd7 18. Bd4 Rc8 19. Bxg7 Kxg7 20. Nd4 Nc5 21. f5 Qd7 22.
Kh2 e6 23. fxg6 fxg6 24. Qf6+ Kh7 25. Nf3 cxd3 26. Nh4 Qg7 27. cxd3 Be8 28. d4
b4 29. dxc5 bxc3 30. Qxg7+ Kxg7 31. bxc3 Rxb1 32. Rxb1 Rxc5 33. Rb6 Rc6 34. Rb7+
Bf7 35. Rb3 e5 36. Ra3 Bc4 37. Nf3 Rb6 38. Kg3 Rb2 39. Ra4 Bb5 40. Ra3 Bf1 41.
Ne1 Re2 42. Nf3 Rg2+ 43. Kh4 Bc4 44. Ne1 Re2 45. Nf3 Rxe4+ 46. Kg3 Re2 47. Ra4
Bb5 48. Ra3 Kf7 49. Ng1 Rc2 50. Kf3 Bc4 51. Ke3 Rxa2 52. Rxa2 Bxa2 53. Kd3 Ke6
54. c4 Kf5 55. Nf3 Bb1+ 56. Ke3 a5 57. Nd2 Bc2 58. h4 a4 0-1

[Event "AUTO-MASTER-779"]
[Site "http://www.queenalice.com/game.php?id=689281"]
[Date "2009.11.26"]
[Round "2"]
[White "acbrasileiro"]
[Black "Ribar"]
[Result "1-0"]
[WhiteElo "2123"]
[BlackElo "2168"]

1. Nf3 Nf6 2. b3 g6 3. Bb2 Bg7 4. e3 O-O 5. c4 c5 6. Be2 Nc6 7. O-O b6 8. d4
cxd4 9. Nxd4 Bb7 10. Nxc6 Bxc6 11. Nc3 d5 12. Qc2 dxc4 13. Bxc4 Qc7 14. Rac1 Qb7
15. f3 Rac8 16. Qe2 Nd5 17. Ba6 Qa8 18. Bxc8 Rxc8 19. Nxd5 Bxd5 20. Rxc8+ Qxc8
21. Bxg7 Kxg7 22. Qb2+ f6 23. Rc1 Qe6 24. e4 Bb7 25. Qd4 1-0

[Event "AUTO-MASTER-779"]
[Site "http://www.queenalice.com/game.php?id=689282"]
[Date "2009.11.26"]
[Round "2"]
[White "Ribar"]
[Black "acbrasileiro"]
[Result "0-1"]
[WhiteElo "2047"]
[BlackElo "2145"]

1. c4 c5 2. Nc3 e6 3. Nf3 b6 4. g3 Bb7 5. Bg2 Nf6 6. d3 Be7 7. O-O O-O 8. e4 Nc6
9. h3 d6 10. Be3 d5 11. cxd5 exd5 12. Bg5 dxe4 13. dxe4 h6 14. Be3 Bd6 15. Nd2
Be5 16. Qc1 Ba6 17. Re1 Nb4 18. Rd1 Qc7 19. Nf3 Rad8 20. Nxe5 Qxe5 21. a3 Nd3
22. Qc2 Qe7 23. f4 Qd7 24. e5 Ne8 25. Ne4 Qc7 26. Rd2 f5 27. exf6 Nxf6 28. Nxf6+
Rxf6 29. Rad1 Rfd6 30. Be4 Qd7 31. Qc3 c4 32. Bxd3 cxd3 33. Kh2 Rc6 34. Qb4 Qe6
35. Re1 Bc8 36. g4 Rc4 37. Qb3 Qe4 38. Kg3 Be6 39. Rf2 Rc2 40. Qb5 Re2 41. Rexe2
dxe2 42. Qxe2 Rd3 0-1

[Event "AUTO-OPEN-2139"]
[Site "http://www.queenalice.com/game.php?id=848353"]
[Date "2010.10.20"]
[Round "1"]
[White "acbrasileiro"]
[Black "bbking"]
[Result "1-0"]
[WhiteElo "2174"]
[BlackElo "1494"]

1. d4 d5 2. c4 e6 3. Nc3 Nf6 4. Nf3 Bb4 5. Qb3 Nc6 6. a3 Bxc3+ 7. Qxc3 O-O 8.
Bg5 a6 9. e3 h6 10. Bh4 Qd6 11. Bd3 b5 12. cxb5 Ne7 13. bxa6 Bxa6 14. Bg3 Qd7
15. Bxa6 Rxa6 16. Qxc7 Ra7 17. Qxd7 Rxd7 18. Ne5 Rb7 19. b4 Ne4 20. O-O Nxg3 21.
hxg3 Ng6 22. Nxg6 fxg6 23. Rfc1 g5 24. Rc6 Rf6 25. Rac1 h5 26. Rc8+ Kh7 27. R1c7
Rxc7 28. Rxc7 h4 29. g4 Kg8 30. b5 Rf8 31. b6 g6 32. b7 1-0

[Event "AUTO-OPEN-2139"]
[Site "http://www.queenalice.com/game.php?id=848354"]
[Date "2010.10.20"]
[Round "1"]
[White "bbking"]
[Black "acbrasileiro"]
[Result "0-1"]
[WhiteElo "1492"]
[BlackElo "2175"]

1. e4 e5 2. Nf3 Nf6 3. Nxe5 d6 4. Nf3 Nxe4 5. Qe2 Qe7 6. d3 Nf6 7. Bg5 Qxe2+ 8.
Bxe2 Be7 9. Bxf6 Bxf6 10. c3 Bf5 11. O-O O-O 12. d4 Nd7 13. Bb5 c6 14. Ba4 Nb6
15. Bb3 d5 16. Ne5 Bxe5 17. dxe5 Rae8 18. Re1 g5 19. Nd2 g4 20. f3 gxf3 21. Nxf3
Be4 22. Ng5 Rxe5 23. Nxe4 Rxe4 24. Rxe4 dxe4 25. Re1 Re8 26. a4 Nd5 27. Bxd5
cxd5 28. b3 f5 29. c4 d4 30. c5 Rc8 31. b4 a5 32. Rb1 e3 33. Kf1 d3 34. bxa5
Rxc5 35. Rb5 Rc1# 0-1

[Event "AUTO-OPEN-2139"]
[Site "http://www.queenalice.com/game.php?id=848357"]
[Date "2010.10.20"]
[Round "1"]
[White "acbrasileiro"]
[Black "mouderjr"]
[Result "1-0"]
[WhiteElo "2176"]
[BlackElo "2001"]

1. d4 d5 2. c4 c6 3. Nc3 h6 4. e4 e6 5. e5 Bb4 6. Bd2 dxc4 7. Bxc4 b5 8. Be2 Ne7
9. Nf3 Nf5 10. Be3 Nxe3 11. fxe3 Nd7 12. O-O Nb6 13. Qb3 a5 14. a3 Bxc3 15. Qxc3
Qd5 16. Rac1 Bb7 17. Nd2 Rc8 18. Qxa5 Nc4 19. Nxc4 bxc4 20. Qa4 Qe4 21. Rc3 Ra8
22. Qc2 Qxc2 23. Rxc2 O-O 24. Bxc4 Rfc8 25. Rcf2 Rc7 26. h4 Ba6 27. Bxa6 Rxa6
28. Rc1 Rb6 29. b4 Ra6 30. Rc3 Kf8 31. e4 Ke7 32. d5 exd5 33. exd5 Rca7 34. dxc6
Rxa3 35. Rxa3 Rxa3 36. Rf3 Ra1+ 37. Kf2 Rb1 38. c7 Rc1 39. Ke3 Rxc7 40. Kd4 Ke6
41. Rc3 Rxc3 42. Kxc3 Kxe5 43. Kc4 Kd6 44. Kb5 Kc7 45. Ka6 Kb8 46. Kb6 g5 47.
hxg5 hxg5 48. Kc6 1-0

[Event "AUTO-OPEN-2139"]
[Site "http://www.queenalice.com/game.php?id=848358"]
[Date "2010.10.20"]
[Round "1"]
[White "mouderjr"]
[Black "acbrasileiro"]
[Result "0-1"]
[WhiteElo "1983"]
[BlackElo "2168"]

1. d4 d5 2. c4 e6 3. Nf3 Nf6 4. Bg5 Be7 5. e3 O-O 6. Bd3 h6 7. Bxf6 Bxf6 8. Nc3
dxc4 9. Bxc4 c6 10. O-O Nd7 11. Re1 b6 12. b4 Bb7 13. e4 Be7 14. a3 Nf6 15. Qc2
c5 16. bxc5 bxc5 17. Rad1 cxd4 18. Rxd4 Qa5 19. a4 Bb4 20. Re3 Bxc3 21. Qxc3
Qxc3 22. Rxc3 Bxe4 23. Ne5 Bd5 24. Bd3 Rac8 25. Rxc8 Rxc8 26. h3 Rc7 27. Rb4 Rb7
28. Rf4 a5 29. Bb5 Rc7 30. Kh2 Kf8 31. h4 Ke7 32. g4 Kd6 33. Nc4+ Bxc4 34. Bxc4
Nd5 35. Rd4 Ke5 0-1

[Event "AUTO-OPEN-2139"]
[Site "http://www.queenalice.com/game.php?id=885726"]
[Date "2011.1.13"]
[Round "2"]
[White "acbrasileiro"]
[Black "LAIRE"]
[Result "0-1"]
[WhiteElo "2179"]
[BlackElo "2147"]

1. d4 e6 2. c4 f5 3. Nf3 Nf6 4. Nc3 Bb4 5. Bd2 O-O 6. a3 Bxc3 7. Bxc3 b6 8. e3
Bb7 9. h4 d6 10. Ng5 Qe8 11. d5 e5 12. g3 Bc8 13. Bh3 h6 14. Nf3 Ne4 15. Qc2 Nd7
16. Nd2 Ndf6 17. Nxe4 fxe4 18. Bxc8 Qxc8 19. O-O-O Qg4 20. Rhg1 Rf7 21. b4 Nd7
22. Rdf1 Raf8 23. Rg2 b5 24. cxb5 Nb6 25. Rd1 Qh3 26. Qxe4 Rxf2 27. Rxf2 Rxf2
28. Rh1 Rf1+ 29. Rxf1 Qxf1+ 30. Kc2 Qe2+ 31. Kc1 Qc4 32. Qxc4 Nxc4 33. e4 Nxa3
34. Bd2 h5 35. Be3 Nxb5 36. Kc2 Kf7 37. Kb3 Ke7 38. Kc4 a6 39. Bg5+ Kd7 40. Be3
c6 41. dxc6+ Kxc6 42. Bf2 Nc7 43. Be3 d5+ 44. exd5+ Nxd5 45. Bd2 Nb6+ 46. Kd3
Kd5 47. Bc3 Nc8 48. Ke3 Ne7 49. Be1 Nf5+ 50. Kf3 Nd4+ 51. Kg2 Kc4 52. Kf2 Nc2
53. Bd2 Kd3 54. Bc1 Nxb4 55. Ba3 a5 56. Bb2 e4 57. Bc1 Nc2 0-1

[Event "AUTO-OPEN-2139"]
[Site "http://www.queenalice.com/game.php?id=885727"]
[Date "2011.1.13"]
[Round "2"]
[White "LAIRE"]
[Black "acbrasileiro"]
[Result "1/2-1/2"]
[WhiteElo "1975"]
[BlackElo "2183"]

1. d4 d5 2. c4 e6 3. Nc3 Nf6 4. Bg5 Be7 5. e3 O-O 6. Nf3 h6 7. Bh4 Ne4 8. Bxe7
Qxe7 9. Qc2 Nxc3 10. Qxc3 c6 11. Bd3 dxc4 12. Bxc4 Nd7 13. O-O Nb6 14. Rac1 Nd5
15. Qb3 Qb4 16. Qxb4 Nxb4 17. a3 Nd5 18. Rc2 g6 19. Ne5 Kg7 20. Rfc1 f6 21. Nd3
Re8 22. b4 Nb6 23. Ba2 Bd7 24. Nc5 Rab8 25. b5 cxb5 26. Nxd7 Nxd7 27. Rc7 Re7
28. Bxe6 Rxe6 29. Rxd7+ Kf8 30. Rcc7 Rc6 31. Rf7+ Kg8 32. Rg7+ 1/2-1/2

[Event "AUTO-OPEN-2139"]
[Site "http://www.queenalice.com/game.php?id=885728"]
[Date "2011.1.13"]
[Round "2"]
[White "acbrasileiro"]
[Black "alesson"]
[Result "1-0"]
[WhiteElo "2177"]
[BlackElo "1681"]

1. Nf3 d6 2. d4 c5 3. c4 Qa5+ 4. Bd2 Qb6 5. dxc5 Qxc5 6. e3 Bg4 7. b3 Bxf3 8.
Qxf3 Nc6 9. a3 e5 10. b4 Qb6 11. Nc3 a5 12. Nd5 Qd8 13. b5 Nce7 14. Bd3 Nxd5 15.
Qxd5 Qe7 16. Be4 Rb8 17. Bxa5 Nf6 18. Qd3 b6 19. Bb4 g6 20. Bc6+ Kd8 21. Rd1 Ng4
22. Qe2 h5 23. Bxd6 Qf6 24. Bxe5+ Qd6 25. Bxd6 Bxd6 26. Rxd6+ Kc7 27. Rd7+ Kc8
28. Qb2 Rg8 29. Rxf7 Kd8 30. Qd4+ Kc8 31. Qd7# 1-0

[Event "AUTO-OPEN-2139"]
[Site "http://www.queenalice.com/game.php?id=885729"]
[Date "2011.1.13"]
[Round "2"]
[White "alesson"]
[Black "acbrasileiro"]
[Result "0-1"]
[WhiteElo "1670"]
[BlackElo "2178"]

1. e4 e5 2. Nf3 Nf6 3. Bd3 Nc6 4. c4 Nb4 5. Qb3 Nxd3+ 6. Qxd3 Bc5 7. Nxe5 O-O 8.
a3 d6 9. Nf3 Re8 10. b4 Nxe4 11. bxc5 Nxc5+ 12. Qe3 Rxe3+ 13. dxe3 Nd3+ 14. Kd2
Nxf2 15. Rf1 Ne4+ 16. Kd3 Bf5 17. Ke2 Qf6 18. Ra2 Re8 19. Nd4 Bg4+ 20. Ke1 Qg6
21. a4 Nc5 22. Nc3 Qh6 23. h3 Nd3+ 24. Kd2 Qxe3+ 25. Kc2 Qxd4 26. hxg4 Nb4+ 27.
Kb3 Nxa2 28. Nxa2 Qd3+ 29. Nc3 Qxf1 30. Ba3 a5 31. Nb5 Qb1+ 32. Kc3 Re3+ 33. Kd2
Qd3+ 34. Kc1 Re2 35. Nxc7 Qc2# 0-1